Statistiques concernant Culture générale - Quiz #07

Cliquez ici pour prendre le quiz!

Statistiques générales

  • Ce quiz a été pris 21 572 fois
  • Le résultat moyen est 8 sur 20

Statistiques - réponses

QuestionRéponse% Correct
De quoi se nourrissent principalement les pandas ?De bambou
97%
Quelle actrice a incarné Hermione Granger dans la saga "Harry Potter" ?Emma Watson
72%
De quel type de nombre 2, 3, 7, 11 ou 19 sont-ils des exemples ?Nombres {premiers}
70%
Quelles sont les 3 marques de prêt-à-porter de luxe les plus citées dans le rap français ?Gucci
68%
Quelles sont les 3 marques de prêt-à-porter de luxe les plus citées dans le rap français ?Vuitton
67%
Comment s'appelle le chien à trois têtes qui garde la porte des Enfers dans la mythologie grecque ?Cerbère
66%
Quel film se déroule sur une lune du nom de Pandora ?Avatar
60%
À partir des œufs de quels poissons le caviar est-il confectionné ?Les esturgeons
45%
Quel terme désigne à la fois un modèle à partir duquel un travail artisanal est exécuté et un chef d'entreprise ?Patron
45%
Quel pays se trouve directement à l'est du Panama?La Colombie
44%
Quel pays se situe principalement sur la péninsule anatolienne ?La Turquie
35%
Quel préfixe du système international d'unités équivaut à un millionième ?Micro
34%
Quel vêtement traditionnel, formé d'une longue pièce d'étoffe, est porté par des millions de femmes notamment en Inde ?Le sari
33%
Quel pays était connu autrefois sous le nom de "Ceylan" ?Le Sri Lanka
28%
Quelle célèbre comète passe à proximité de la Terre tous les 76 ans ?La comète de {Halley}
27%
Quelle maladie est causée par le bacille de Koch ?La tuberculose
16%
Quelles sont les 3 marques de prêt-à-porter de luxe les plus citées dans le rap français ?Fendi
12%
Quelle plante est utilisée pour la confection de la Tequila ?L'{agave} bleue
12%
Quel personnage de la Bible au défaut de prononciation avait son frère Aaron comme porte-parole ?Moïse
12%
De quoi a peur un chorophobe ?De danser
5%

Distribution des résultats

Percentile par nombre de réponses

% des personnes avec chaque résultat

Votre développement - résultats

Vous n’avez pas pris ce quiz